Stemmi Squadre di calcio - UEFA - Quiz n°21 - Statistics

Statistiche generali
  • Questo quiz è stato fatto 166 volte
  • Il punteggio medio è 8 su 10
Statistiche sulle risposte
con Immagini Risposta % Corretto
Amsterdamsche Football Club Ajax
99%
ACF Fiorentina
94%
Hannoverscher Sportverein von 1896
86%
Calcio Padova
84%
Olympiakos Syndesmos Filathlōn Peiraiōs
82%
Fotbal Club FCSB
70%
Real Club Deportivo Mallorca
64%
Turn- und Sportverein München von 1860
63%
Düsseldorfer Turn- und Sportverein Fortuna 1895
61%
Helsingin Jalkapalloklubi
54%
Nessun quiz corrispondente trovato
Distribuzione punteggi
Percentuale di utenti per punteggio
Percentile per numero di risposta
I tuoi punteggi nel tempo
Non hai fatto questo quiz